|
|
|
|
| LEADER |
00634cam a2200205 7i4500 |
| 001 |
0000031136 |
| 005 |
20140516090000.0 |
| 020 |
0 |
0 |
|a 9781741796995
|
| 090 |
0 |
0 |
|a NICG 910.202
|b EGE
|
| 100 |
1 |
0 |
|a Egerton
|
| 245 |
1 |
0 |
|a Nicaragua :
|b lonely planet.
|
| 250 |
0 |
0 |
|a 3rd ed..
|
| 260 |
0 |
0 |
|a Victoria:
|b Lonely Planet Publications,
|c 2013.
|
| 300 |
# |
# |
|a 320 p.
|
| 440 |
0 |
0 |
|a Lonely planet
|
| 650 |
0 |
0 |
|a Nicaragua --
|x Description and travel --
|x Guidebooks
|
| 651 |
0 |
0 |
|a Nicaragua
|
| 700 |
1 |
0 |
|a Benchwick,
|h Greg
|
| 999 |
|
|
|a B00034429
|b Book
|c Countries
|e Business Information Centre
|
| 999 |
|
|
|a B000034429
|b Book
|c Countries
|e Business Information Centre
|